Caricamento...
Sociology: the human science /
| Autore principale: | |
|---|---|
| Natura: | Printed Book |
| Lingua: | English |
| Pubblicazione: |
New York :
McGraw-Hill,
1978.
|
| Soggetti: |
| LEADER | 00494nam a2200145Ia 4500 | ||
|---|---|---|---|
| 008 | 150624b xxu||||| |||| 00| 0 eng d | ||
| 082 | |a 301 | ||
| 100 | |a Stewart, Elbert W. | ||
| 245 | |a Sociology: |b the human science / |c Elbert W. Stewart | ||
| 260 | |a New York : |b McGraw-Hill, |c 1978. | ||
| 300 | |a 607 p. | ||
| 650 | |x Sociology. | ||
| 942 | |c BK | ||
| 999 | |c 27750 |d 27750 | ||
| 952 | |0 0 |1 0 |4 0 |6 301_000000000000000_STE_S |7 0 |9 27749 |a UL |b UL |c ST2 |d 1998-08-28 |l 1 |o 301 STE/S |p 39194 |r 2013-06-03 |s 2013-03-27 |w 2012-10-27 |y BK | ||